00661nam a2200181Ia 4500008004100000082001600041100001500057245005800072250000800130260003200138300001200170500002400182650001500206942000700221952012900228952010500357999001700462230524s9999 xx 000 0 und d a338.04bROY aAurnob Roy 0aBusiness Policy & Strategic Management (Text & Cases) aIST aNEW DELHIbVrinda Pubc2008 aXVI;597 aQuantity Number: 2 aManagement cBK 00104070aTATCLbTATCLcGENd2023-05-24l1o338.04 ROYp37505q2015-09-25r2024-02-01s2024-02-01w2023-05-24yBKzMBA305A 00104070aTATCLbTATCLcGENd2023-05-24l0o338.04 ROYp37769r2023-05-24w2023-05-24yBKzMBA305A c46643d46643